Pittsburgh Penguins 2021-22 - Statistics

General Stats
  • This quiz has been taken 29 times
  • The average score is 13 of 24
Answer Stats
# Pos. Player % Correct
1 G Casey DeSmith
96%
87 F Sidney Crosby
88%
35 G Tristan Jarry
88%
71 F Evgeni Malkin
84%
58 D Kris Letang
84%
59 F Jake Guentzel
76%
2 D Chad Ruhwedel
72%
77 F Jeff Carter
72%
17 F Bryan Rust
64%
43 F Danton Heinen
60%
42 F Kasperi Kapanen
56%
28 D Marcus Pettersson
56%
53 F Teddy Blueger
56%
8 D Brian Dumoulin
44%
23 F Brock McGinn
44%
5 D Mike Matheson
44%
9 F Evan Rodrigues
40%
6 D John Marino
40%
12 F Zach Aston-Reese
40%
49 F Dominik Simon
32%
52 D Mark Friedman
28%
11 F Brian Boyle
20%
67 F Rahim Zohorna
16%
10 F Drew O'Conner
12%
No matching quizzes found
Score Distribution
Percent of People with Each Score
Percentile by Number Answered
Your Score History
You have not taken this quiz